000 00409 a2200169 4500
001 175249
020 _a85-16-02610-8
040 _cMagnum
100 _aMagnoli, Demétrio
240 1 0 _aProjeto de ensino de geografia: geografia geral
_lpor
245 1 0 _aProjeto de ensino de geografia: geografia geral
300 _a335
362 0 _a2000
440 1 _aModerna
697 _aMISCELÂNEA
942 _cBK
999 _c175249
_d175249